01658nam a2200349Ia 4500001001200000003000800012006001900020007001500039008004100054020001500095020001800110040002100128035002100149050002600170110008400196245027200280260005800552300002400610504004100634533015200675610007300827650003500900650002800935650004500963650003801008650003901046655002901085710003601114710001701150856012601167999001501293ebr10274055CaPaEBRm u cr cn|||||||||090123s2008 dcua sb 000 0 eng d z0309128412 z9780309128414 aCaPaEBRcCaPaEBR a(OCoLC)31745492514aTD196.P47bP48 2008eb2 aNational Research Council (U.S.).bCommittee on the Health Risks of Phthalates.10aPhthalates and cumulative risk assessmenth[electronic resource] :bthe tasks ahead /cCommittee on the Health Risks of Phthalates, Board on Environmental Studies and Toxicology, Division on Earth and Life Studies, National research Council of the National Academies. aWashington, D.C. :bNational Academies Press,cc2008. axix, 188 p. :bill. aIncludes bibliographical references. aElectronic reproduction.bPalo Alto, Calif. :cebrary,d2009.nAvailable via World Wide Web.nAccess may be limited to ebrary affiliated libraries.10aUnited States.bEnvironmental Protection AgencyvRules and practice. 0aEnvironmental risk assessment. 0aHealth risk assessment. 0aPhthalate estersxEnvironmental aspects. 0aPhthalate estersxHealth aspects. 0aPhthalate estersxRisk assessment. 7aElectronic books.2local2 aNational Academies Press (U.S.)2 aebrary, Inc.40uhttp://site.ebrary.com/lib/rucke/Doc?id=10274055zAn electronic book accessible through the World Wide Web; click to view c6461d6461